000 00727nam a22002417a 4500
003 UA-OsUOA
001 23418
007 ta
008 20040121b un ||||| |||| 00| 0 ukr d
090 _a373.5(042)
_bП18
942 _cBK
040 _aUA-OsUOA
_bukr
_cUA-OsUOA
_dUA-OsUOA
245 _aПро виконання законодавства щодо розвитку загальної середньої освіти в Україні
_bПарламентські слухання
300 _a164 с.
955 _a0
041 _aukr
080 _a373.5(042)
020 _a966-611-228-0
260 _aКиїв
_bПарламентське вид-во
_c2003
044 _aUA
650 7 _2UDC
999 _c309665
_d309665